000 00467nam a22001457a 4500
005 20180102114526.0
008 180102b xxu||||| |||| 00| 0 eng d
040 _cPK-LaUMT
082 _aPKAC 070.44
_bFIA-S
100 _aفیاض الدین احمد
245 _aسچی پات : کالموں کی زبانی(2007 تا 2010/
_cفیاض الدین احمد
260 _aکراچی:
_bاسلامک ریسرچ اکیڈمی،
_c2011
300 _a255 ص
942 _cBK
999 _c101290
_d101290